000 00740nam a2200241Ia 4500
003 OSt
005 20220918213429.0
006 a|||||r|||| 00| 0
007 ta
008 220917b |||||||| |||| 00| 0 eng d
024 _a132,688
037 _cTextual
040 _aARTS
_cARTS
_beng
041 _2eng
_aeng
082 _aX6:73:N4, H3
100 _aWhittlesey Charles R
_9126956
245 0 _aEffect of war on currency and deposits
260 _aNA
_bNA
_c1943
490 _aNational Bureau of Economic Research United States Financial Resarch Program Occasional papers II. Our Economy in War; 3
650 _aECONOMICS
942 _hX6:73:N4, H3
_cTEXL
_2CC
999 _c255798
_d255798